Uczestnicy Mundialu 2022 - Statystyki

Ogólne statystyki
  • Ten quiz został rozwiązany 267 razy
  • Średni wynik to 15 z 32
Answers on the Grid
Answers color-coded by a green-red scale on the quiz's grid according to % correct below.
Usa
Włochy
Anglia
Iran
Walia
Irlandia
RPA
Senegal
Holandia
Polska
Chile
Rosja
Chiny
Czechy
Argentyna
Ekwador
Norwegia
Meksyk
Arabia Saudyjska
Kuba
Szwecja
Szwajcaria
Francja
Dania
Tunezja
Australia
Algieria
Angola
Monako
Niemcy
Hiszpania
Honduras
Japonia
Salwador
Kostaryka
Katar
Korea północna
Kazachstan
Belgia
Kanada
Maroko
Ukraina
Chorwacja
Brazylia
Serbia
Filipiny
Bahrajn
Kamerun
Korea południowa
Urugwaj
Finlandia
Portugalia
Ghana
 
Statystyki odpowiedzi
Odpowiedź % Poprawnych
Usa
86%
Anglia
70%
Polska
64%
Holandia
61%
Iran
57%
Argentyna
54%
Meksyk
51%
Walia
51%
Arabia Saudyjska
49%
Francja
48%
Senegal
47%
Dania
46%
Katar
46%
Niemcy
45%
Hiszpania
44%
Japonia
44%
Portugalia
44%
Belgia
42%
Ekwador
42%
Australia
41%
Brazylia
41%
Maroko
41%
Szwajcaria
41%
Urugwaj
41%
Chorwacja
38%
Kanada
38%
Korea południowa
36%
Tunezja
35%
Ghana
34%
Kostaryka
34%
Serbia
34%
Kamerun
31%
Nie znaleziono quizów pasujących do podanych kryteriów
Rozkład punktacji
Procent ludzi z każdym wynikiem
Percentyl według liczby udzielonych odpowiedzi
Twoja historia wyników
Nie rozwiązałeś tego quizu